| 000 | 00781nam a2200241 a 4500 | ||
|---|---|---|---|
| 005 | 20210219160216.0 | ||
| 008 | 080925s1977 mx r 000 0 spa d | ||
| 035 | _aUPN01000160981 | ||
| 049 | _aUNE | ||
| 080 | _a37:178.8 :342.732 (4)(73) DRO | ||
| 100 | _aGraine, Philippe. | ||
| 245 | 1 | 3 | _aLa Droga vista por la Prensa de la Juventud : |
| 260 |
_aParĂs : _bUNESCO, _c1977. |
||
| 300 | _a50 p. | ||
| 440 | 0 | _aED-76/WS/ 39 | |
| 500 | _aIncluye bibliografĂa. | ||
| 690 | _aEducacion antidrogadiccion-Problemas Sociales- Prensa-Europa | ||
| 690 | _aEuropa- Educacion Antidrogradiccion- Estupefacientes- Prensa | ||
| 690 | _aEstados Unidos de America- Prensa-Educacion antidrogadiccion | ||
| 700 | 1 | _aGraine, Philippe, coaut. | |
| 710 | 2 | _aUNESCO | |
| 905 | _aUNESCO | ||
| 999 |
_c133094 _d133094 |
||